ბათუმის შოთა რუსთაველის სახელმწიფო უნივერსიტეტის ბიბლიოთეკა

მაცნე : (ბიბ.ჩანაწერი № 61541)

000 -LEADER
fixed length control field 00823nam a22001937a 4500
005 - DATE AND TIME OF LATEST TRANSACTION
control field 20240322114009.0
008 - FIXED-LENGTH DATA ELEMENTS--GENERAL INFORMATION
fixed length control field 240322c2016 ge ||||| |||| 00| 0 geo d
022 ## - INTERNATIONAL STANDARD SERIAL NUMBER
International Standard Serial Number 0132-6058
041 ## - LANGUAGE CODE
Language code of text/sound track or separate title geo
245 ## - TITLE STATEMENT
Title მაცნე :
Remainder of title ისტორიის არქეოლოგიის და ეთნოლოგიისა და ხელოვნების ისტორიის სერია /
Statement of responsibility, etc. მთ. რედ. როინ მეტრეველი.
260 ## - PUBLICATION, DISTRIBUTION, ETC.
Place of publication, distribution, etc. თბილისი :
Date of publication, distribution, etc. 2016.
300 ## - PHYSICAL DESCRIPTION
Extent V.
653 ## - INDEX TERM--UNCONTROLLED
Uncontrolled term ისტორია
653 ## - INDEX TERM--UNCONTROLLED
Uncontrolled term ეთნოლოგია
653 ## - INDEX TERM--UNCONTROLLED
Uncontrolled term ხელოვნება
653 ## - INDEX TERM--UNCONTROLLED
Uncontrolled term არქეოლოგია
700 ## - ADDED ENTRY--PERSONAL NAME
Personal name მეტრეველი, როინ
Relator term რედაქტორი
9 (RLIN) 21547
942 ## - ADDED ENTRY ELEMENTS (KOHA)
Source of classification or shelving scheme
Koha item type პერიოდიკა
ეგზემპლარები
Withdrawn status Lost status Source of classification or shelving scheme Damaged status Not for loan Permanent Location Current Location Shelving location Date acquired Serial Enumeration / chronology Barcode Date last seen Copy number Uniform Resource Identifier Price effective from Koha item type
          ბათუმის შოთა რუსთაველის სახელმწიფო უნივერსიტეტის მთავარი ბიბლიოთეკა ბათუმის შოთა რუსთაველის სახელმწიფო უნივერსიტეტის მთავარი ბიბლიოთეკა წიგნსაცავი 2024-03-22 # 1 (2016) 81164 2024-03-22 84464 ბსუ-ს საპატიო დოქტორის გურამ ლორთქიფანიძის საჩუქარი 2024-03-22 პერიოდიკა